| 000 | 00646nam a2200181Ia 4500 | ||
|---|---|---|---|
| 008 | 100920s9999 xx 000 0 und d | ||
| 082 |
_b108377 _a891.43 न 10 |
||
| 100 | _aबिलास राम. | ||
| 245 | _aकहानी जन जन की बिलासराम. | ||
| 260 |
_bराही प्रकाशन,दिल्ली. _c2010 |
||
| 300 |
_a128 _bसाधी |
||
| 365 | _b175 | ||
| 520 | _aहिंदी. | ||
| 630 | _aकहानी जन जन की बिलासराम. | ||
| 650 | _aहिंदी. | ||
| 730 | _aकहानी जन जन की बिलासराम. | ||
| 942 | _cBOOK | ||
| 999 |
_c748801 _d748798 |
||